000 01777nam1a2200301 i 4500
001 RU\NLR\bibl\93538
005 20240920003911.0
035 _a(NLR Aleph) 000091405
090 _a512963
_c512963
100 _a20000621g19 9999u y0rusy50 ca
101 0 _arus
102 _aRU
105 _aa |||||||||
200 1 _aАвтоматизированные транспортно-накопительные системы машиностроительных производств
_eТекст лекций
_fП.Г.Мазеин, С.Р.Сайфутдинов
_gМ-во общ. и проф. образования Рос. Федерации, Юж.-Ур. гос. ун-т. Каф. "Оборудование и инструмент компьютеризир. пр-ва"
210 _aЧелябинск
_cИзд-во ЮУрГУ
_d1998
215 _d20
463 0 _100185279
606 0 _aМашиностроительные заводы
_jРуководства, пособия и т.п. для высшей школы
_xТранспортное хозяйство
_xАвтоматизация
_92111986
_3RU\NLR\auth\661276314
606 0 _aМашиностроительные заводы
_jУчебные издания для высшей школы
_xТранспортное хозяйство
_xАвтоматизация
_92111986
_3RU\NLR\auth\661276314
686 _aК5-44-05я73-2
700 1 _aМазеин
_bП. Г.
_gПетр Германович
_4070
701 1 _aСайфутдинов
_bС. Р.
_gСтанислав Ровельевич
_4070
801 0 _aRU
_bNLR
_c20000621
_gPSBO
801 1 _aRU
_bNLR
_c20000621
830 _aавт. по кн.
852 _aNLR
_j99-4/2405
942 _cBOOK